Pokémon-Spécialités locales - Statistiques

Statistiques générales
  • Ce quiz a été pris 19 fois
  • Le résultat moyen est 5 sur 13
Statistiques - réponses
Lieu Spécialité % Correct
Volucité Glace Volute
71%
Vieux Château Vieux Gâteau
71%
Alola Malasada
53%
Acajou Bonbon Rage
47%
Yantreizh Sablé Yantreizh
47%
Illumis Galette Illumis
41%
Mont Chimnée Lava Cookie
41%
Sinnoh/Unionpolis Poffin
41%
Argenta (dans Lets' Go) Crok'Argenta
29%
Johto/Ecorcia Noigrume
29%
Hoenn Pokébloc
18%
Kalos Profiterole
18%
Alola Fève
12%
Aucun quiz correspondant
Distribution des résultats
% des personnes avec chaque résultat
Percentile par nombre de réponses
Votre historique - résultats
Vous n’avez pas pris ce quiz